Normal view
MARC view
Entry Geographic Name
001 - CONTROL NUMBER
- control field: 31278
003 - CONTROL NUMBER IDENTIFIER
- control field: ARRUPE
005 - DATE AND TIME OF LATEST TRANSACTION
- control field: 20170529104706.0
008 - FIXED-LENGTH DATA ELEMENTS
- fixed length control field: 170529|| aca||aabn | a|a d
040 ## - CATALOGING SOURCE
- Original cataloging agency: ARRUPE
- Transcribing agency: ARRUPE
151 ## - HEADING--GEOGRAPHIC NAME
- Geographic name: Homelands (South Africa)
670 ## - SOURCE DATA FOUND
- Source citation: Work cat.: (ARRUPE)2387: Rogers, Barbara, 1945- 31276, Divide & rule :, 1976.